Мобильные буровые установки и тяжелые агрегаты для ремонта скважин Объединенных машиностроительныйх заводов; Нефтяное хозяйство; № 5

Dettagli Bibliografici
Parent link:Нефтяное хозяйство: научно-технический производственный журнал.— , 1925-1940, 1946-.— 0028-2448
№ 5.— 2003.— С. 64-67
Autore principale: Эпштейн В. Е.
Lingua:russo
Pubblicazione: 2003
Serie:Бурение скважин
Soggetti:
Natura: MixedMaterials Capitolo di libro
KOHA link:https://koha.lib.tpu.ru/cgi-bin/koha/opac-detail.pl?biblionumber=386587

MARC

LEADER 00000naa2a2200000 4500
001 386587
005 20231101063509.0
035 |a (RuTPU)RU\TPU\prd\15583 
090 |a 386587 
100 |a 20030625a2003 k y0rusy50 ca 
101 0 |a rus 
102 |a RU 
200 1 |a Мобильные буровые установки и тяжелые агрегаты для ремонта скважин Объединенных машиностроительныйх заводов  |f В. Е. Эпштейн 
225 1 |a Бурение скважин 
461 1 |0 (RuTPU)RU\TPU\prd\1638  |x 0028-2448  |t Нефтяное хозяйство  |o научно-технический производственный журнал  |d 1925-1940, 1946- 
463 1 |0 (RuTPU)RU\TPU\prd\15379  |t № 5  |v С. 64-67  |d 2003 
610 1 |a мобильные буровые установки 
610 1 |a скважины 
610 1 |a ремонт 
610 1 |a тяжелые агрегаты 
675 |a 622.276.76.05  |v 3 
700 1 |a Эпштейн  |b В. Е. 
801 1 |a RU  |b 63413507  |c 20030625  |g PSBO 
801 2 |a RU  |b 63413507  |c 20131025  |g RCR 
942 |c BK